Statistics for All Themed Areas Of Walt Disney World

Click here to take the quiz!

General Stats

  • This quiz has been taken 88 times
  • The average score is 13 of 25

Answer Stats

Land% Correct
Tomorrowland
96%
Fantasyland
92%
Adventureland
88%
Main Street U.S.A.
88%
Frontierland
83%
World Showcase
82%
Liberty Square
78%
Africa
76%
Star Wars: Galaxy's Edge
75%
Asia
74%
Toy Story Land
71%
Dinoland U.S.A.
65%
Pandora: The World Of Avatar
65%
Hollywood Boulevard
42%
Echo Lake
39%
Discovery Island
32%
World Discovery
32%
World Nature
32%
Oasis
24%
World Celebration
24%
Animation Courtyard
21%
Rafiki's Planet Watch
18%
Grand Avenue
13%
Commissary Lane
10%
Sunset Avenue
6%

Score Distribution

Percentile by Number Answered

Percent of People with Each Score

Your Score History

You have not taken this quiz